00575 2200205 4500001002100000005001700021008004100038035002500079082000800104090001500112100002000127245006800147250001100215260003200226300002400258500002900282650003400311850001200345999001200357YOGYA-0209000000453020150309150143.0 ind  a0010-020900000004530 a001 a001bHat P aHATTA, Mohammad aPengantar ke djalan ilmu dan pengetahuanc/ oleh Mohammad Hatta aCet. 5 aDjakartabPembangunanc1970 axi, 82 hlm.c19 cm. aBibliografi : hlm. 81-82 aPengantar ke ilmu pengetahuan aYOPDYOG a14710-B